<?xml version="1.0" encoding="UTF-8"?><?xml-stylesheet type="text/xsl" href="static/style.xsl"?><OAI-PMH xmlns="http://www.openarchives.org/OAI/2.0/" xmlns:xsi="http://www.w3.org/2001/XMLSchema-instance" xsi:schemaLocation="http://www.openarchives.org/OAI/2.0/ http://www.openarchives.org/OAI/2.0/OAI-PMH.xsd"><responseDate>2026-04-17T11:51:27Z</responseDate><request verb="GetRecord" identifier="oai:www.recercat.cat:2072/114710" metadataPrefix="marc">https://recercat.cat/oai/request</request><GetRecord><record><header><identifier>oai:recercat.cat:2072/114710</identifier><datestamp>2024-12-13T09:23:43Z</datestamp><setSpec>com_2072_63425</setSpec><setSpec>com_2072_63424</setSpec><setSpec>com_2072_63412</setSpec><setSpec>com_2072_2015</setSpec><setSpec>col_2072_63426</setSpec></header><metadata><record xmlns="http://www.loc.gov/MARC21/slim" xmlns:dcterms="http://purl.org/dc/terms/" xmlns:xsi="http://www.w3.org/2001/XMLSchema-instance" xmlns:doc="http://www.lyncode.com/xoai" xsi:schemaLocation="http://www.loc.gov/MARC21/slim http://www.loc.gov/standards/marcxml/schema/MARC21slim.xsd">
   <leader>00925njm 22002777a 4500</leader>
   <datafield ind2=" " ind1=" " tag="042">
      <subfield code="a">dc</subfield>
   </datafield>
   <datafield ind2=" " ind1=" " tag="720">
      <subfield code="a">Merino Revilla, Vidal</subfield>
      <subfield code="e">author</subfield>
   </datafield>
   <datafield ind2=" " ind1=" " tag="260">
      <subfield code="c">2011-02-19T11:30:44Z</subfield>
   </datafield>
   <datafield ind2=" " ind1=" " tag="520">
      <subfield code="a">Els Sistemes d'Informació Geogràfica s'han convertit en quelcom molt important en els darrers temps gràcies al desenvolupament de les tecnologies sobre les que es recolzen. Aquest projecte tracta sobre ells, i ho fa des de dos vessats: el teòric i el pràctic. En la part teòrica del projecte es farà una revisió del que són per a què serveixen els Sistemes d'Informació Geogràfica. Per a entendre'ls amb més garanties es tracten lleugerament alguns conceptes genèrics sobre geodèsia i cartografia. La part pràctica del projecte descriu de quina forma s'ha creat un Sistema d'Informació Geogràfica que permet el tractament de dades d'Haití i que facilita la creació de mapes diversos. Addicionalment, per a veure una utilitat real del que es pot fer amb ells, es descriu també de quina forma s'ha dissenyat una aplicació que permet realitzar el càlcul de rutes òptimes entre dos punts, partint com a base de la xarxa de carreteres d'Haití. Per a finalitzar, es descriu de quina manera s'ha implementat un control de trams de carretera intransitables, els quals no seran considerats en el càlcul de les rutes.</subfield>
   </datafield>
   <datafield ind2=" " ind1=" " tag="520">
      <subfield code="a">Los Sistemas de Información Geográfica se han convertido en algo muy importante en los últimos tiempos gracias al desarrollo de las tecnologías sobre las que se apoyan. Este proyecto trata sobre ellos, y lo hace desde dos vertientes: la teórica y la práctica.En la parte teórica del proyecto se hará una revisión de lo que son para qué sirven los Sistemas de Información Geográfica. Para entenderlos con más garantías se tratan ligeramente algunos conceptos genéricos sobre geodesia y cartografía.La parte práctica del proyecto describe de qué forma se ha creado un Sistema de Información Geográfica que permite el tratamiento de datos de Haití y que facilita la creación de mapas diversos. Adicionalmente, para ver una utilidad real de lo que se puede hacer con ellos, se describe también de qué forma se ha diseñado una aplicación que permite realizar el cálculo de rutas óptimas entre dos puntos, partiendo como base de la red de carreteras de Haití. Para finalizar, se describe de qué manera se ha implementado un control de tramos de carretera intransitables, los cuales no serán considerados en el cálculo de las rutas.</subfield>
   </datafield>
   <datafield ind2=" " ind1=" " tag="520">
      <subfield code="a">The Geographic Information Systems have become important in recent times thanks to the development of technologies that rely on. This project is about them, and it does spill from two: the theoretical and practical.In the theoretical part of the project will be a review of why they are serving the Geographic Information Systems. To better understand it, there are treated lightly some general concepts on geodesy and cartography.The practical part describes how the project has created a Geographic Information System that allows data processing in Haiti and that facilitates the creation of several maps. Additionally, to see a real use of what can be done with them, also described how they have designed an application that allows the computation of optimal routes between two points, starting as a base network of roads Haiti. Finally, it describes how we implemented a control impassable stretches of road, which will not be considered when calculating routes.</subfield>
   </datafield>
   <datafield ind1="8" ind2=" " tag="024">
      <subfield code="a">http://hdl.handle.net/10609/6061</subfield>
   </datafield>
   <datafield tag="653" ind2=" " ind1=" ">
      <subfield code="a">SIG</subfield>
   </datafield>
   <datafield tag="653" ind2=" " ind1=" ">
      <subfield code="a">SIG</subfield>
   </datafield>
   <datafield tag="653" ind2=" " ind1=" ">
      <subfield code="a">GIS</subfield>
   </datafield>
   <datafield tag="653" ind2=" " ind1=" ">
      <subfield code="a">Haití</subfield>
   </datafield>
   <datafield tag="653" ind2=" " ind1=" ">
      <subfield code="a">Haití</subfield>
   </datafield>
   <datafield tag="653" ind2=" " ind1=" ">
      <subfield code="a">Haiti</subfield>
   </datafield>
   <datafield tag="653" ind2=" " ind1=" ">
      <subfield code="a">ruta òptima</subfield>
   </datafield>
   <datafield tag="653" ind2=" " ind1=" ">
      <subfield code="a">Sistemes d'Informacio Geografica</subfield>
   </datafield>
   <datafield tag="653" ind2=" " ind1=" ">
      <subfield code="a">Geomedia Dijkstra</subfield>
   </datafield>
   <datafield tag="653" ind2=" " ind1=" ">
      <subfield code="a">ruta óptima</subfield>
   </datafield>
   <datafield tag="653" ind2=" " ind1=" ">
      <subfield code="a">Sistemas de Informacion Geografica</subfield>
   </datafield>
   <datafield tag="653" ind2=" " ind1=" ">
      <subfield code="a">Geomedia Dijkstra</subfield>
   </datafield>
   <datafield tag="653" ind2=" " ind1=" ">
      <subfield code="a">optimal route</subfield>
   </datafield>
   <datafield tag="653" ind2=" " ind1=" ">
      <subfield code="a">Geographic Information Systems</subfield>
   </datafield>
   <datafield tag="653" ind2=" " ind1=" ">
      <subfield code="a">Geomedia Dijkstra</subfield>
   </datafield>
   <datafield tag="653" ind2=" " ind1=" ">
      <subfield code="a">Geographical Information Systems</subfield>
   </datafield>
   <datafield tag="653" ind2=" " ind1=" ">
      <subfield code="a">Application software -- Development</subfield>
   </datafield>
   <datafield tag="653" ind2=" " ind1=" ">
      <subfield code="a">Sistemes d'informació geogràfica</subfield>
   </datafield>
   <datafield tag="653" ind2=" " ind1=" ">
      <subfield code="a">Programari d'aplicació -- Desenvolupament</subfield>
   </datafield>
   <datafield tag="653" ind2=" " ind1=" ">
      <subfield code="a">Sistemas de información geográfica</subfield>
   </datafield>
   <datafield tag="653" ind2=" " ind1=" ">
      <subfield code="a">Software de aplicación -- Desarrollo</subfield>
   </datafield>
   <datafield ind2="0" ind1="0" tag="245">
      <subfield code="a">Projecte HAITí SIG : anàlisi bàsic de rutes òptimes a zones de catàstrofe</subfield>
   </datafield>
</record></metadata></record></GetRecord></OAI-PMH>